Designing Europe : comparative lessons from the federal experience /

Bibliographic Details
Main Author: McKay, David H.
Format: Book
Language:English
Published: Oxford ; New York : Oxford University Press, 2001.
Subjects:

MARC

Tag First Indicator Second Indicator Subfields
LEADER 00000cam a22000004a 4500
001 in00001734591
005 20151024213323.0
008 000906s2001 nyua b 001 0 eng
010 |a  00046947  
020 |a 0199242135 
020 |a 0199244359 
035 |a (OCoLC)ocm45008570 
040 |a DLC  |c DLC  |d TXA  |d UtOrBLW 
042 |a pcc 
043 |a e------ 
049 |a TXAM 
050 0 0 |a JC355  |b .M24 2001 
082 0 0 |a 321.02  |2 21 
100 1 |a McKay, David H. 
245 1 0 |a Designing Europe :  |b comparative lessons from the federal experience /  |c David McKay. 
264 1 |a Oxford ;  |a New York :  |b Oxford University Press,  |c 2001. 
300 |a xi, 167 pages :  |b illustrations ;  |c 24 cm. 
336 |a text  |b txt  |2 rdacontent 
337 |a unmediated  |b n  |2 rdamedia 
338 |a volume  |b nc  |2 rdacarrier 
504 |a Includes bibliographical references (pages [154]-162) and index. 
650 0 |a Federal government. 
650 0 |a Comparative government. 
610 0 |a European Union. 
948 |a cataloged  |b h  |c 2003/4/25  |d c  |e dmitchel  |f 1:50:30 pm 
994 |a E0  |b TXA 
999 |a MARS 
999 f f |s 7519f272-b981-365a-9d95-3e1d966b0bce  |i 2ba0c27c-076e-3cbe-8b7b-453c70517cf5  |t 0 
952 f f |p ric  |a Texas A&M University  |b Rellis Campus  |c Joint Library Facility  |d Remote Storage  |t 0  |e JC355 .M24 2001  |h Library of Congress classification  |i unmediated -- volume  |m A14830080710 
998 f f |a JC355 .M24 2001  |t 0  |l Remote Storage